Statistics for Top 50 Countries by Population Estimates for 2050

Click here to take the quiz!

General Stats

  • This quiz has been taken 85 times
    (79 since last reset)
  • The average score is 34 of 50

Answer Stats

# 2020 Population 2050 Population Estimate Country % Correct
11,326 million1,656 millionIndia
99%
21,394 million1,301 millionChina
99%
3334 million398 millionUnited States
96%
4204 million398 millionNigeria
90%
5271 million327 millionIndonesia
87%
6213 million290 millionPakistan
86%
14141 million130 millionRussia
86%
7216 million238 millionBrazil
83%
11128 million150 millionMexico
82%
9169 million201 millionBangladesh
82%
2280 million72 millionGermany
82%
17126 million107 millionJapan
80%
1887 million100 millionIran
80%
1396 million137 millionEgypt
80%
8114 million228 millionEthiopia
79%
1289 million144 millionDemocratic Republic of the Congo
79%
1699 million111 millionVietnam
77%
2366 million71 millionUnited Kingdom
76%
2668 million69 millionFrance
75%
2082 million89 millionTurkey
75%
10109 million155 millionPhilippines
75%
1559 million118 millionTanzania
72%
2869 million66 millionThailand
69%
3062 million61 millionItaly
69%
2450 million71 millionKenya
68%
3443 million55 millionAlgeria
66%
2756 million69 millionSouth Africa
66%
1944 million94 millionUganda
66%
3650 million52 millionSpain
65%
4022 million52 millionNiger
65%
3139 million59 millionSudan
63%
2142 million77 millionIraq
63%
3545 million54 millionArgentina
62%
3349 million56 millionColombia
61%
4333 million47 millionSaudi Arabia
61%
4134 million49 millionPeru
59%
5035 million42 millionMorocco
59%
4849 million43 millionSouth Korea
59%
4933 million43 millionMalaysia
58%
4622 million46 millionAngola
58%
2559 million71 millionMyanmar
56%
2937 million64 millionAfghanistan
56%
3729 million52 millionGhana
54%
3229 million59 millionMozambique
44%
3827 million52 millionCameroon
44%
4430 million46 millionYemen
44%
4534 million46 millionNepal
37%
4727 million46 millionMadagascar
30%
3921 million52 millionMalawi
28%
4222 million47 millionBurkina Faso
21%

Score Distribution

Percentile by Number Answered

Percent of People with Each Score

Your Score History

You have not taken this quiz since the last reset